<?xml version="1.0" encoding="UTF-8"?>
<record
    xmlns:xsi="http://www.w3.org/2001/XMLSchema-instance"
    xsi:schemaLocation="http://www.loc.gov/MARC21/slim http://www.loc.gov/standards/marcxml/schema/MARC21slim.xsd"
    xmlns="http://www.loc.gov/MARC21/slim">

  <leader>01883nam0a2200361   4500</leader>
  <controlfield tag="001">RU\NLR\BIBL_A\011526685</controlfield>
  <controlfield tag="005">20250626084051.0</controlfield>
  <datafield tag="010" ind1=" " ind2=" ">
    <subfield code="a">978-5-9710-4533-5</subfield>
  </datafield>
  <datafield tag="021" ind1=" " ind2=" ">
    <subfield code="a">RU</subfield>
    <subfield code="b">2017-78508</subfield>
    <subfield code="9">5601</subfield>
  </datafield>
  <datafield tag="035" ind1=" " ind2=" ">
    <subfield code="a">(RuMoRGB)009426302</subfield>
  </datafield>
  <datafield tag="035" ind1=" " ind2=" ">
    <subfield code="a">(NLR Aleph) 011526685</subfield>
  </datafield>
  <datafield tag="090" ind1=" " ind2=" ">
    <subfield code="a">12123902</subfield>
    <subfield code="c">12123902</subfield>
  </datafield>
  <datafield tag="100" ind1=" " ind2=" ">
    <subfield code="a">20171115e20171899|||y0rusy50      ca</subfield>
  </datafield>
  <datafield tag="101" ind1="0" ind2=" ">
    <subfield code="a">rus</subfield>
  </datafield>
  <datafield tag="102" ind1=" " ind2=" ">
    <subfield code="a">RU</subfield>
  </datafield>
  <datafield tag="105" ind1=" " ind2=" ">
    <subfield code="a">y|||z|||000zy</subfield>
  </datafield>
  <datafield tag="200" ind1="1" ind2=" ">
    <subfield code="a">&#x417;&#x430;&#x43A;&#x43E;&#x43D;&#x44B; &#x43E; &#x436;&#x435;&#x43D;&#x449;&#x438;&#x43D;&#x430;&#x445;</subfield>
    <subfield code="e">&#x441;&#x431;&#x43E;&#x440;&#x43D;&#x438;&#x43A; &#x432;&#x441;&#x435;&#x445; &#x43F;&#x43E;&#x441;&#x442;&#x430;&#x43D;&#x43E;&#x432;&#x43B;&#x435;&#x43D;&#x438;&#x439; &#x434;&#x435;&#x439;&#x441;&#x442;&#x432;&#x443;&#x44E;&#x449;&#x435;&#x433;&#x43E; &#x437;&#x430;&#x43A;&#x43E;&#x43D;&#x43E;&#x434;&#x430;&#x442;&#x435;&#x43B;&#x44C;&#x441;&#x442;&#x432;&#x430;, &#x43E;&#x442;&#x43D;&#x43E;&#x441;&#x44F;&#x449;&#x438;&#x445;&#x441;&#x44F; &#x434;&#x43E; &#x43B;&#x438;&#x446; &#x436;&#x435;&#x43D;&#x441;&#x43A;&#x43E;&#x433;&#x43E; &#x43F;&#x43E;&#x43B;&#x430;</subfield>
    <subfield code="f">&#x42F;. &#x410;. &#x41A;&#x430;&#x43D;&#x442;&#x43E;&#x440;&#x43E;&#x432;&#x438;&#x447;</subfield>
  </datafield>
  <datafield tag="205" ind1=" " ind2=" ">
    <subfield code="a">&#x418;&#x437;&#x434;. 2-&#x435;, [&#x441;&#x442;&#x435;&#x440;.</subfield>
    <subfield code="b">&#x440;&#x435;&#x43F;&#x440;. &#x43F;&#x43E; &#x438;&#x437;&#x434;.: &#x421;&#x41F;&#x431;., 1899]</subfield>
  </datafield>
  <datafield tag="210" ind1=" " ind2=" ">
    <subfield code="a">&#x41C;&#x43E;&#x441;&#x43A;&#x432;&#x430;</subfield>
    <subfield code="c">URSS</subfield>
    <subfield code="c">&#x41B;&#x415;&#x41D;&#x410;&#x41D;&#x414;</subfield>
    <subfield code="d">[2017]</subfield>
    <subfield code="d">(&#x43C;&#x430;&#x43A;&#x435;&#x442; 2018)</subfield>
  </datafield>
  <datafield tag="215" ind1=" " ind2=" ">
    <subfield code="a">[3], 272 &#x441;.</subfield>
    <subfield code="d">22</subfield>
  </datafield>
  <datafield tag="225" ind1="1" ind2=" ">
    <subfield code="a">&#x410;&#x43A;&#x430;&#x434;&#x435;&#x43C;&#x438;&#x44F; &#x444;&#x443;&#x43D;&#x434;&#x430;&#x43C;&#x435;&#x43D;&#x442;&#x430;&#x43B;&#x44C;&#x43D;&#x44B;&#x445; &#x438;&#x441;&#x441;&#x43B;&#x435;&#x434;&#x43E;&#x432;&#x430;&#x43D;&#x438;&#x439;: &#x438;&#x441;&#x442;&#x43E;&#x440;&#x438;&#x44F; &#x43F;&#x440;&#x430;&#x432;&#x430;</subfield>
    <subfield code="v">&#x2116; 93</subfield>
  </datafield>
  <datafield tag="320" ind1=" " ind2=" ">
    <subfield code="a">&#x414;&#x440;. &#x440;&#x430;&#x431;&#x43E;&#x442;&#x44B; &#x430;&#x432;&#x442;. &#x43D;&#x430; 4-&#x439; &#x441;. &#x43E;&#x431;&#x43B;.</subfield>
  </datafield>
  <datafield tag="455" ind1=" " ind2="0">
    <subfield code="1">2001#$a&#x417;&#x430;&#x43A;&#x43E;&#x43D;&#x44B; &#x43E; &#x436;&#x435;&#x43D;&#x449;&#x438;&#x43D;&#x430;&#x445;$e&#x441;&#x431;&#x43E;&#x440;&#x43D;&#x438;&#x43A; &#x432;&#x441;&#x435;&#x445; &#x43F;&#x43E;&#x441;&#x442;&#x430;&#x43D;&#x43E;&#x432;&#x43B;&#x435;&#x43D;&#x438;&#x439; &#x434;&#x435;&#x439;&#x441;&#x442;&#x432;&#x443;&#x44E;&#x449;&#x435;&#x433;&#x43E; &#x437;&#x430;&#x43A;&#x43E;&#x43D;&#x43E;&#x434;&#x430;&#x442;&#x435;&#x43B;&#x44C;&#x441;&#x442;&#x432;&#x430;, &#x43E;&#x442;&#x43D;&#x43E;&#x441;&#x44F;&#x449;&#x438;&#x445;&#x441;&#x44F; &#x434;&#x43E; &#x43B;&#x438;&#x446; &#x436;&#x435;&#x43D;&#x441;&#x43A;&#x43E;&#x433;&#x43E; &#x43F;&#x43E;&#x43B;&#x430;</subfield>
    <subfield code="1">210##$a&#x421;&#x41F;&#x431;.$d1899</subfield>
    <subfield code="t">&#x417;&#x430;&#x43A;&#x43E;&#x43D;&#x44B; &#x43E; &#x436;&#x435;&#x43D;&#x449;&#x438;&#x43D;&#x430;&#x445;</subfield>
  </datafield>
  <datafield tag="606" ind1="1" ind2=" ">
    <subfield code="a">&#x416;&#x435;&#x43D;&#x449;&#x438;&#x43D;&#x44B;</subfield>
    <subfield code="x">&#x41F;&#x440;&#x430;&#x432;&#x43E;&#x432;&#x43E;&#x435; &#x43F;&#x43E;&#x43B;&#x43E;&#x436;&#x435;&#x43D;&#x438;&#x435;</subfield>
    <subfield code="y">&#x420;&#x43E;&#x441;&#x441;&#x438;&#x44F;</subfield>
    <subfield code="9">2524746</subfield>
    <subfield code="3">RU\NLR\AUTH\661495820</subfield>
  </datafield>
  <datafield tag="606" ind1="1" ind2=" ">
    <subfield code="a">&#x417;&#x430;&#x43A;&#x43E;&#x43D;&#x43E;&#x434;&#x430;&#x442;&#x435;&#x43B;&#x44C;&#x441;&#x442;&#x432;&#x43E;</subfield>
    <subfield code="y">&#x420;&#x43E;&#x441;&#x441;&#x438;&#x44F;</subfield>
    <subfield code="9">2102462</subfield>
    <subfield code="3">RU\NLR\AUTH\661271398</subfield>
  </datafield>
  <datafield tag="686" ind1=" " ind2=" ">
    <subfield code="a">&#x425;2(2)47-3</subfield>
    <subfield code="2">rubbk</subfield>
  </datafield>
  <datafield tag="686" ind1="1" ind2=" ">
    <subfield code="a">&#x425;2(2)5-512</subfield>
  </datafield>
  <datafield tag="686" ind1="1" ind2=" ">
    <subfield code="a">&#x425;2(2)5-3</subfield>
  </datafield>
  <datafield tag="700" ind1=" " ind2="1">
    <subfield code="7">ca</subfield>
    <subfield code="8">rus</subfield>
    <subfield code="a">&#x41A;&#x430;&#x43D;&#x442;&#x43E;&#x440;&#x43E;&#x432;&#x438;&#x447;</subfield>
    <subfield code="b">&#x42F;. &#x410;.</subfield>
    <subfield code="c">&#x44E;&#x440;&#x438;&#x441;&#x442;</subfield>
    <subfield code="f">1859-1925</subfield>
    <subfield code="g">&#x42F;&#x43A;&#x43E;&#x432; &#x410;&#x431;&#x440;&#x430;&#x43C;&#x43E;&#x432;&#x438;&#x447;</subfield>
    <subfield code="9">154719</subfield>
    <subfield code="3">RU\NLR\AUTH\770154757</subfield>
  </datafield>
  <datafield tag="942" ind1=" " ind2=" ">
    <subfield code="c">BOOK</subfield>
  </datafield>
  <datafield tag="980" ind1=" " ind2=" ">
    <subfield code="a">NB</subfield>
  </datafield>
  <datafield tag="995" ind1=" " ind2=" ">
    <subfield code="5">2017-11-15</subfield>
    <subfield code="a">ad</subfield>
    <subfield code="b">NLR01</subfield>
    <subfield code="c">NLR01</subfield>
    <subfield code="e">RF31</subfield>
    <subfield code="f">1-2069095</subfield>
    <subfield code="k">2017-5/8346</subfield>
    <subfield code="o">0</subfield>
    <subfield code="r">BOOK</subfield>
    <subfield code="s">201758346_</subfield>
  </datafield>
  <datafield tag="995" ind1=" " ind2=" ">
    <subfield code="5">2017-11-15</subfield>
    <subfield code="a">ad</subfield>
    <subfield code="b">NLR01</subfield>
    <subfield code="c">NLR01</subfield>
    <subfield code="e">RF31</subfield>
    <subfield code="f">1-2069096</subfield>
    <subfield code="k">2017-5/8346</subfield>
    <subfield code="o">0</subfield>
    <subfield code="r">BOOK</subfield>
    <subfield code="s">201758346_</subfield>
  </datafield>
</record>
